000 00496nam a2200205Ia 4500
003 OSt
005 20221005115139.0
006 a|||||r|||| 00| 0
007 ta
008 221004b |||||||| |||| 00| 0 eng d
024 _a114687
037 _cTextual
040 _aCRL
_cCRL
_beng
041 _2eng
_aeng
100 _aGupta Parth Saarthi
_9627188
245 0 _aBritain ka Itihaas 1485-1914
260 _c1985
942 _cTEXL
_2cc
999 _c1033550
_d1033550